| 000 | 00494nam a22001937a 4500 | ||
|---|---|---|---|
| 003 | OSt | ||
| 005 | 20241121113358.0 | ||
| 008 | 241121b |||||||| |||| 00| 0 eng d | ||
| 040 | _cMRSPTU | ||
| 041 | _aENG | ||
| 082 |
_a307.12 _bHA-C |
||
| 100 | _aHall, Peter | ||
| 245 | _aCities of Tomorrow : An intellectual History of Urban Planning and Design Since 1880 | ||
| 250 | _a4th Ed. | ||
| 260 |
_aU.K. _bJohn Wiley _c2014 |
||
| 300 | _a624 | ||
| 650 | _aArchitecture | ||
| 942 |
_2ddc _cBK _n0 |
||
| 999 |
_c10469 _d10469 |
||